| 000 | 01000nam a22002175i 4500 | ||
|---|---|---|---|
| 001 | 160536 | ||
| 003 | ES-MaACL | ||
| 005 | 20250824053551.0 | ||
| 008 | 041007s1876 sp |||| | spa d | ||
| 040 |
_aCAM _bspa _cCAM |
||
| 100 | 1 |
_aNavarro, Calisto. _9130413 |
|
| 245 | 1 | 0 |
_aDos entre dos _b: juguete cómico-lírico en un acto y en verso / _carreglado del francés por Calisto Navarro ; música del mtro. Angel Rubio. |
| 260 |
_aMadrid : _b[s.n.], _c1876 ( _fImprenta de G. Alhambra) |
||
| 300 |
_a29 p. ; _c18 cm. |
||
| 490 | 1 | _aBiblioteca dramática | |
| 500 | _aEn port.:Estrenado con aplauso en Madrid, en el teatro Romea,. | ||
| 700 | 0 |
_aRubio, Angel. _9100337 |
|
| 830 | 0 | 0 |
_aBiblioteca dramática _9242024 |
| 852 |
_aES-MaACL _jF-8578(9) _z-- Enc. pasta española _z-- Dedicatoria ms. del autor a Angel Povedano _q-- Falto de la cub. original _z-- Enc. en un vol. facticio formando parte de la col. faciticia "Teatro español moderno", vol. 31 |
||
| 999 |
_c160536 _d160536 |
||